| 000 | 00362nam a2200145Ia 4500 | ||
|---|---|---|---|
| 008 | 230711s9999||||xx |||||||||||||| ||und|| | ||
| 041 | _aENG | ||
| 082 |
_a621 _bHO-E |
||
| 100 | _aHoadley,Anthony | ||
| 245 | 0 | _aEssential of structural design | |
| 250 | _a1st Ed. | ||
| 260 |
_c1964 _aNew York _bJohn Wiley & Sons.Inc |
||
| 650 | _aCivil Engineering | ||
| 942 | _cBK | ||
| 999 |
_c1003 _d1003 |
||